Reform of the sugar sector and its impacts on the Slovak sugar market

LIberalizácia trhu s cukrom a jej dopad na slovenský trh s cukrom. Plná liberalizácia je pre Slovensko ťažko akceptovateľná, pretože výrazným spôsobom zasiahne nielen do ekonomických výsledkov a zamestnanosti celých odvetví, ale aj do produkčnej štruktúry, hlavne v intenzívnych pestovateľských oblas...

Descripción completa

Guardado en:
Detalles Bibliográficos
Autor principal: Božík, Marian
Otros Autores: Izakovič, Tibor
Formato: Capítulo de libro
Lenguaje:inglés
Materias:
Etiquetas: Agregar Etiqueta
Sin Etiquetas, Sea el primero en etiquetar este registro!

MARC

LEADER 00000naa$a2200000$$$4500
001 0023811
005 20231113140743.9
041 0 |a eng 
044 |a CZ 
245 1 0 |a Reform of the sugar sector and its impacts on the Slovak sugar market  |c Marian Božík, Tibor Izakovič 
520 |a LIberalizácia trhu s cukrom a jej dopad na slovenský trh s cukrom. Plná liberalizácia je pre Slovensko ťažko akceptovateľná, pretože výrazným spôsobom zasiahne nielen do ekonomických výsledkov a zamestnanosti celých odvetví, ale aj do produkčnej štruktúry, hlavne v intenzívnych pestovateľských oblastiach. Sektor cukru zostáva jediným nereformovaným sektorom v rámci Spoločnej poľnohospodárskej politiky EÚ. Investície do cukrovarníckeho priemyslu, vyselektovanie najperspektívnejších cukrovarov. Situácia u pestovateľov cukrovej repy. 
610 2 0 |a priemysel cukrovarnícky 
610 2 0 |a cukor 
610 2 0 |a trh 
610 2 0 |a cukrovary 
610 2 0 |a Slovensko 
610 2 0 |a liberalizácia 
610 2 0 |a politika poľnohospodárska 
610 2 0 |a kvóty 
610 2 0 |a Európska únia 
100 1 |a Božík, Marian 
700 1 |a Izakovič, Tibor